| 000 | 01691nam0a2200409 4500 | ||
|---|---|---|---|
| 001 | RU\NLR\bibl\1181472 | ||
| 005 | 20250615092227.0 | ||
| 010 | _a5-93972-464-7 | ||
| 035 | _a(nilc)EL/0000100519 | ||
| 035 | _aRUM0021548 | ||
| 035 | _a(NLR Aleph) 001168076 | ||
| 090 |
_a1579810 _c1579810 |
||
| 100 | _a20061020d2006 |||y0rusy50 ca | ||
| 101 | 0 | _arus | |
| 102 | _aRU | ||
| 105 | _aa ||||||||| | ||
| 200 | 1 |
_aСтруктура воды и теплофизические параметры _fЮ.М. Третьяков |
|
| 210 |
_aМосква _cR&C Dynamics _aИжевск _cИнститут компьютерных исследований _cРегулярная и хаотическая динамика _d2006 |
||
| 215 |
_a113 с. _cил. _d20 |
||
| 225 | 1 |
_aИнтернет-магазин MATHESIS _iФизика, математика, биология, нефтегазовые технологии |
|
| 320 | _aБиблиогр.: с. 108-113 (90 назв.) | ||
| 606 | 1 |
_aВода _xТеплофизические свойства _91269081 _3RU\NLR\auth\66204382 |
|
| 606 | 1 |
_aВода _xСтруктура _92501500 _3RU\NLR\auth\661483600 |
|
| 610 | 0 |
_aвода _aструктура _aтеплофизические свойства |
|
| 675 |
_a556 _v4 |
||
| 686 |
_a68.01.84.57 _2rugasnti |
||
| 686 | _aЗ311.133 | ||
| 686 | _aГ121.131В-11 | ||
| 700 | 1 |
_aТретьяков _bЮ. М. _gЮрий Михайлович _4070 |
|
| 801 | 0 |
_aRU _bЦНСХБ РАСХН _c20061020 _gRCR |
|
| 801 | 1 |
_aRU _bЦНСХБ РАСХН _c20070110 |
|
| 801 | 2 |
_aRU _bNLR _c20080130 _grcr |
|
| 830 | _aАвт. по кн | ||
| 942 | _cBOOK | ||
| 980 | _aNB | ||